Azul... /

Guardat en:
Dades bibliogràfiques
Autor principal: Darío, Rubén (autor)
Altres autors: Sáinz de Robles, Federico Carlos (preliminares) (preliminares)
Format: Llibre
Idioma:espanyol
Publicat: México : Aguilar, 1960, c1960
Edició:4a edición
Col·lecció:(Crisol ; 115)
Matèries:
Etiquetes: Afegir etiqueta
Sense etiquetes, Sigues el primer a etiquetar aquest registre!

MARC

LEADER 00000nam^a2200000^a^4500
001 000262753
005 20250521000000.0
009 20260310110553.372
037 |a Acervo Xavier Clavigero 
041 |a ESP 
082 |a 868.  |b DAR 
100 |a Darío, Rubén  |e (autor) 
240 1 1 |a [Azul...] 
245 1 0 |a Azul... /  |c R. Darío ; prelim. de F.S.R. 
250 |a 4a edición 
264 4 |a México :  |b Aguilar,  |c 1960, c1960 
300 |a 526 p. 
336 |a texto  |b txt  |2 rdacontenido 
337 |a sin mediación  |b n  |2 rdamedio 
338 |a volumen  |b nc  |2 rdasoporte 
440 1 |a (Crisol ;  |v 115) 
545 0 |a Rubén Darío (1867-1916), escritor nicaragüense que es considerado como el fundador del modernismo, estableció con su obra un parteaguas en la poesía en lengua castellana y fue el primer caso de escritor americano que sirvió de ejemplo en Europa. Su trayectoria inicia cabalmente con Azul... (1888), libro al que siguieron Prosas profanas (1896), Cantos de vida y esperanza (1905), El canto errante (1907), Poema del otoño y otros poemas (1910), Danzas gimnesias (1913) y Canto a la Argentina y otros poemas (1914) en el terreno de la poesía, a los que debe sumarse los ensayos Los raros (1893), España contemporánea (1901), Perenigraciones (1901) y La caravana pasa (1903). 
649 |a XX 
650 |a Prosa Poética Nicaragüense 
650 |a Poesía Nicaragüense 
650 |a Cuentos Nicaragüenses 
650 |a Modernismo (Literatura) -  |z Nicaragua 
650 |a Literatura Nicaragüense -  |y Siglo XIX 
650 |a Literatura Nicaragüense -  |y Siglo XX 
700 |a Sáinz de Robles, Federico Carlos  |e (preliminares) 
740 0 |a Cuentos [de Rubén Darío] /  |c R. Darío ; prelim. de F.S.R. 
740 0 |a Poemas en prosa /  |c R. Darío ; prelim. de F.S.R. 
910 |a Fondo General 
920 |a Impresos - Libros 
930 |a Colección General 
940 |a Literatura 
905 |a 101 
901 |a 006958  |b IT1  |c LIT  |u 20250521 
902 |a https://opac.biblio.iteso.mx/vufind/Record/000262753